Weather - Statistics

General Stats
  • This quiz has been taken 81 times
  • The average score is 9 of 10
Answer Stats
Picture Answer % Correct
Snowing
100%
Sunny
100%
Tornado
98%
Foggy
95%
Raining
95%
Cloudy
93%
Lightning
83%
Rainbow
83%
Windy
80%
Hailing
78%
No matching quizzes found
Score Distribution
Percent of People with Each Score
Percentile by Number Answered
Your Score History
You have not taken this quiz